Executive-parliament interface in the legislative process (1993-2006) : a synergy of powers? (Record no. 367)

MARC details
000 -LEADER
fixed length control field 00648nam a2200157Ia 4500
008 - FIXED-LENGTH DATA ELEMENTS--GENERAL INFORMATION
fixed length control field 240428s9999||||xx |||||||||||||| ||und||
020 ## - INTERNATIONAL STANDARD BOOK NUMBER
International Standard Book Number 9789988100566
041 ## - LANGUAGE CODE
Language code of text/sound track or separate title eng
100 ## - MAIN ENTRY--PERSONAL NAME
Personal name Ninsin, Kwame A - Institute for Democratic Governance.
245 #0 - TITLE STATEMENT
Title Executive-parliament interface in the legislative process (1993-2006) : a synergy of powers?
260 ## - PUBLICATION, DISTRIBUTION, ETC.
Name of publisher, distributor, etc. : Published for Institute for Democratic Governance by Woeli Pub. Services
Place of publication, distribution, etc. Accra, Ghana
Date of publication, distribution, etc. 2008
300 ## - PHYSICAL DESCRIPTION
Extent viii, 87 p.
650 ## - SUBJECT ADDED ENTRY--TOPICAL TERM
Topical term or geographic name entry element Ghana -- Politics and government. - Legislation -- Ghana. - Parliamentary practice -- Ghana. - Executive power -- Ghana
942 ## - ADDED ENTRY ELEMENTS (KOHA)
Koha item type Occasional Papers
Holdings
Withdrawn status Lost status Damaged status Not for loan Home library Current library Shelving location Date acquired Total checkouts Full call number Date last seen Copy number Price effective from Koha item type
        Main Library Main Library Open Shelves 05/10/2021   328.345N 1406 C1 29/04/2024 1 29/04/2024 Occasional Papers
©2026  Parliament of Ghana Library - All rights reserved